Une campagne, 1880-1881 / (Record no. 168178)

MARC details
000 -LEADER
campo de control de longitud fija 00674nam a22002055i 4500
001 - NÚMERO DE CONTROL
campo de control 168178
003 - IDENTIFICADOR DE NÚMERO DE CONTROL
campo de control ES-MaACL
005 - FECHA Y HORA DE LA ÚLTIMA TRANSACCIÓN
campo de control 20250717013104.0
008 - DATOS DE LONGITUD FIJA--INFORMACIÓN GENERAL
campo de control de longitud fija 051005s1888 fr | |||||||| ||fre d
040 ## - FUENTE DE CATALOGACIÓN
Centro catalogador/agencia de origen CAM
Lengua de catalogación spa
Centro/agencia transcriptor CAM
100 1# - ENTRADA PRINCIPAL--NOMBRE DE PERSONA
Nombre de persona Zola, Émile,
Fechas asociadas al nombre 1840-1902
9 (RLIN) 118331
245 14 - MENCIÓN DEL TÍTULO
Título Une campagne, 1880-1881 /
Mención de responsabilidad, etc. Émile Zola.
260 ## - PUBLICACIÓN, DISTRIBUCIÓN, ETC.
Lugar de publicación, distribución, etc. Paris :
Nombre del editor, distribuidor, etc. G. Charpentier,
Fecha de publicación, distribución, etc. 1888 (
Fabricante Imp. G. Rougier et Cie.)
300 ## - DESCRIPCIÓN FÍSICA
Extensión X, 408 p. ;
Dimensiones 18 cm.
490 1# - MENCIÓN DE SERIE
Mención de serie Bibliothèque Charpentier
500 ## - NOTA GENERAL
Nota general En port. consta: Quatrième mille.
830 00 - PUNTO DE ACCESO ADICIONAL DE SERIE-TÍTULO UNIFORME
Título uniforme Bibliothèque Charpentier
9 (RLIN) 182245
852 ## - LOCALIZACIÓN
Ubicación ES-MaACL
Número de control de estantería B-3234
Nota libre -- Enc. pasta española
Holdings
Estatus retirado Estado de pérdida Estado de daño No para préstamo Colección Biblioteca de origen Biblioteca actual Ubicación en estantería Fecha de adquisición Fuente de adquisición Total de préstamos Signatura topográfica completa Código de barras Visto por última vez Precio de reemplazo Tipo de ítem Koha
        Libros del s. XIX Biblioteca del Ateneo de Madrid Biblioteca del Ateneo de Madrid Sala Pardo Bazán 17/01/2008     B-3234 1176463 23/02/2023 23/02/2023 Libro impreso antiguo